000 02121 a2200385 4500
001 OB-ksp-1973
003 FrMaCLE
005 20251214082712.0
007 cu ||||||m||||
008 170115e||||||||xx |||||s|||||||||0|de|d
020 _a978-2-8218-7427-5
040 _aFR-FrMaCLE
041 _adeu
100 1 _aHorn, Christian
245 1 0 _aRemythisierung und Entmythisierung :
_bDeutschsprachige Antikendramen der klassischen Moderne /
_cChristian Horn.
260 _aKarlsruhe :
_bKIT Scientific Publishing,
_c2017.
300 _a327 p.
500 _aEbook
520 _a Nachdem das deutschsprachige Antikendrama im 19. Jahrhundert nur eine untergeordnete Bedeutung besaß, kommt es nach 1890 unter dem Eindruck von Friedrich Nietzsches Geburt der Tragödie erneut zu einer intensive Beschäftigung mit Themen und Figurationen der griechischen Antike. Die vorliegende Studie unterzieht Antikendramen von Hofmannsthal, Hauptmann, Werfel, Pannwitz, Jahnn und Brecht einer struktur- und gattungsbezogenen Analyse, um die Verschiebungen des den Texten zugrundeliegenden Mythosverstandnisses im Kontext von Werk und Epoche zu spezifizieren. Der Versuch, mit den Mitteln des Dramas in den Bereich des Mythischen vorzudringen, führt letztendlich zur szenischen Restitution archaischer Praktiken wie Opferritual und kollektives Entgrenzungserlebnis. Damit ergibt sich die Schwierigkeit, „das Zerbrechen des Individuums und sein Einswerden mit dem Ursein" (Nietzsche) mit den Mitteln des Theaters vorzufuhren, mit anderen Worten: das Nichtinszenierbare zu inszenieren.
540 _aCC-BY-NC-ND-4.0
_uhttps://creativecommons.org/licenses/by-nc-nd/4.0/
650 4 _aPhilosophy
650 4 _aLiterature (General)
650 4 _aAntikenrezeption
650 4 _aMythenrezeption
650 4 _aDrama
650 4 _aIntertextualität
650 4 _aArchaik
650 4 _aMythos
650 4 _aAntikendrama
650 4 _aOpfer
650 4 _aRitual
650 4 _aTragödie
776 _z978-3-86644-237-5
856 4 _eHorn, Christian
_uhttps://books.openedition.org/ksp/1973
_yRemythisierung und Entmythisierung
999 _c8626
_d8626